| 000 | 00975cab a2200193 4500 | ||
|---|---|---|---|
| 001 | L130818 | ||
| 008 | 050901n2005 000 0 eng u | ||
| 035 | _a(Sirsi) u130818 | ||
| 041 | 0 | _aeng | |
| 100 | 1 | _aDodsworth, Catriona | |
| 245 | 0 | 0 | _aComplexity is not appealing |
| 260 | _c2005 | ||
| 490 | 4 |
_aConstruction News _v(6931) 25 August 2005, 39(1) |
|
| 520 | _aReports on the issue of getting permission to appeal in complex and technical cases as raised in the case "Yorkshire Water Services v Taylor Woodrow Construction Northern and Others" ([2005] EWCA Civ 894, [2005] NPC 96). The implication is that permission is unlikely to be granted in such cases unless the judge is clearly wrong or beyond his jurisdiction. | ||
| 590 | _aIKA130905 | ||
| 650 | _aYORKSHIRE WATER SERVICES V TAYLOR WOODROW CONSTRUCTION NORTHER AND OTHERS | ||
| 690 | _aMANAGEMENT-DISPUTE AVOIDANCE, MANAGEMENT AND RESOLUTION-DISPUTE MANAGEMENT AND RESOLUTION-CASE MANAGEMENT | ||
| 942 | _n0 | ||
| 999 |
_c75810 _d75810 |
||